Windows Programming Primer Plus / (Record no. 1195)

MARC details
000 -LEADER
Fixed length control field 00508nam a2200181 4500
003 - CONTROL NUMBER IDENTIFIER
Control field SEACOMMC
005 - DATE AND TIME OF LATEST TRANSACTION
Control field 20250514112820.0
008 - FIXED-LENGTH DATA ELEMENTS--GENERAL INFORMATION
Fixed length control field 250411b |||||||| |||| 00| 0 eng d
020 ## - INTERNATIONAL STANDARD BOOK NUMBER / ISBN
International Standard Book Number 81-85623-11-2
Price Rs.475.00
040 ## - CATALOGING SOURCE
Original cataloging agency SEACOMMC
082 ## - DEWEY DECIMAL CLASSIFICATION NUMBER
Classification number 005.3682
Book Number C 749
100 ## - MAIN ENTRY--PERSONAL NAME
Personal name Conger, Jim
245 1# - TITLE STATEMENT
Title Windows Programming Primer Plus /
Statement of responsibility Jim Conger
250 ## - EDITION STATEMENT
Edition statement Reprint ed.
260 ## - IMPRINT
Place of publication New Delhi
Name of publisher Galgotia Publications
Date of publication 2010
650 ## - SUBJECT ADDED ENTRY--TOPICAL TERM
Topical term Computer Science (Windows Programming)
942 ## - ADDED ENTRY ELEMENTS (KOHA)
Koha item type Books
Holdings
Withdrawn status Lost status Source of classification Damaged status Not for loan Home library Current library Shelving location Date acquired Total Checkouts Call number Accession number Date last seen Price effective from Koha item type Copy number
    Dewey Decimal Classification     SEACOM MANAGEMENT COLLEGE SEACOM MANAGEMENT COLLEGE Reference 16/11/2010   005.3682 C 749 M-2984 11/04/2025 11/04/2025 Reference Books  
    Dewey Decimal Classification     SEACOM MANAGEMENT COLLEGE SEACOM MANAGEMENT COLLEGE   16/11/2010   005.3682 C 749 M-2985 11/04/2025 11/04/2025 Books 1
    Dewey Decimal Classification     SEACOM MANAGEMENT COLLEGE SEACOM MANAGEMENT COLLEGE   16/11/2010   005.3682 C 749 M-2986 11/04/2025 11/04/2025 Books 2
    Dewey Decimal Classification     SEACOM MANAGEMENT COLLEGE SEACOM MANAGEMENT COLLEGE   16/11/2010   005.3682 C 749 M-2987 11/04/2025 11/04/2025 Books 3
    Dewey Decimal Classification     SEACOM MANAGEMENT COLLEGE SEACOM MANAGEMENT COLLEGE   16/11/2010   005.3682 C 749 M-2988 11/04/2025 11/04/2025 Books 4
    Dewey Decimal Classification     SEACOM MANAGEMENT COLLEGE SEACOM MANAGEMENT COLLEGE   16/11/2010   005.3682 C 749 M-2989 11/04/2025 11/04/2025 Books 5
    Dewey Decimal Classification     SEACOM MANAGEMENT COLLEGE SEACOM MANAGEMENT COLLEGE   16/11/2010   005.3682 C 749 M-2990 11/04/2025 11/04/2025 Books 6
© Seacom Engineering College, All rights reserved.    Powered by Koha